01009nam a22002777a 4500003000900000005001700009007000300026008004100029020001500070040003000085082001500115100005800130245009200188250001100280264003500291300002800326336002700354337003300381338002800414490001800442590002600460910001500486942001400501952019900515999001700714DO-SdBNP20230526140234.0ta230526b1977 sp ||||| |||| 00| 0 spa d a8423913155 aDO-SdBNPcBNPHUerdabspa 4a862.622221 aValle-Inclán, Ramón del,d1866-1936.93325eautor10aTablado de marionetas :bpara educación de príncipes /cRamón del Valle-Inclán  a3a ed. aMadrid :bEspasa Calpe,c1977. a330 páginas ;c21 cm. 2rdacontentatextobtxt 2rdamediaasin mediaciónbn 2rdacarrieravolumenbnc aAustralv1315 aInventariado, 2023/BT aBtavárez 2ddccLBS1 00102ddc51708GRaBNPHUbBNPHUcCTd2023-05-26eDonaciónl0oBNPHU GR 862.62p2023-2083r2023-05-26w2023-05-26yLBS1zPerteneció a la biblioteca personal de Mariano Lebrón Saviñón. c53628d53628